| 000 | 005850000a22001810004500 | ||
|---|---|---|---|
| 003 | MACL | ||
| 005 | 20160524111538.0 | ||
| 008 | 160524b xxu||||| |||| 00| 0 eng d | ||
| 040 |
_aMACL _cMACL |
||
| 041 | _aHindi | ||
| 082 | _a891.432 UPA | ||
| 100 |
_aउपाध्याय, रमेश _955000 |
||
| 245 |
_aभारत-भाग्य-विधाता _cरमेश उपाध्याय |
||
| 260 |
_bलिपि प्रकाशन _c1991 _aनई दिल्ली |
||
| 350 | _a30 | ||
| 650 |
_aDrama _959036 |
||
| 942 |
_cHIN _k891.432/UPA/D _2ddc |
||
| 999 |
_c21386 _d21386 |
||